Responses for show #3986 - Monday, December 24, 2001

2001 Holiday Kids Week game 1.

Contestants

Allyson Lieberman, a 12-year-old from Whitmore Lake, Michigan

Lauren Kutner, an 11-year-old from Newtown, Pennsylvania

Nick Dnistrian, an 11-year-old from Webster, New York

Jeopardy! Round responses

CONTINENTS BY COUNTRIES
CHRISTMAS PRESENTS
CARTOON CHARACTERS
LET'S GET COOKING!
WINTER BREAK
FAMILIAR PHRASES
    $200 17
North America

Allyson
    $200 11
Nintendo

Lauren
    $200 1
The Powerpuff Girls

Nick
    $200 6
marshmallows

Lauren
    $200 26
sled

Lauren
    $200 16
milk

Nick
    $400 22
Europe

Allyson
    $400 12
gift certificate

Allyson
    $400 2
The Jetsons

Allyson
    $400 7
candy canes

Allyson
    $400 27
chimney

Lauren
    $400 18
your pocket

Allyson
    $600 23
South America

Lauren
    $600 13
(Lauren: What is K'Nex?)

jigsaw puzzle

NickLauren
    $600 3
Courage

Allyson
    $600 8
tortillas

Nick
    $600 28
New Year's Day

Allyson
    $600 19
hot water

Nick
    $1,800 24
(Alex: We've got about a minute to go, Lauren.)

Africa

Lauren
    $800 14
DVDs

Allyson
    $800 4
Quick Draw McGraw

Triple Stumper
    $800 9
guacamole

Lauren
    $800 29
snowboarding

Lauren
    $800 20
the pen

Lauren
    $1000 25
Asia

Allyson
    $1000 15
(Allyson: What are scooters?)

bicycles

Allyson
Triple Stumper
    $1000 5
Augie Doggie

Triple Stumper
    $1000 10
kebabs

Allyson
    $1000 30
Caribbean

Allyson
    $1000 21
a rock

Allyson

Scores at the first commercial break (after clue 15):

Nick Lauren Allyson
$1,400 $600 $2,600

Scores at the end of the Jeopardy! Round:

Nick Lauren Allyson
$2,200 $5,200 $7,200

Double Jeopardy! Round responses

MYTHS & LEGENDS
SOCCER
DUDE, WHERE'S MY CAR?
FIRST AID
YOU DO THE MATH
ODDS & ENDS
    $400 1
mistletoe

Nick
    $400 26
referee

Allyson
    $400 6
Space Shuttle

Allyson
    $400 11
burns

Nick
    $400 16
50

Lauren
    $400 21
(Allyson: What is Bad, Bad Leroy Brown?)

"Encyclopedia"

LaurenAllyson
    $800 2
(Lauren: What is goat?)

bull

NickLauren
    $800 27
goalie

Allyson
    $800 7
Stonehenge

Allyson
    $800 12
nosebleed

Allyson
    $800 17
$85

Triple Stumper
    $800 22
stethoscope

Nick
    $1200 3
elf

Allyson
    $1200 28
shin pad (shin guard)

Lauren
    $1200 8
Mount Rushmore

Lauren
    $5,000 13
choking

Allyson
    $1200 18
360

Allyson
    $1200 23
(Alex: That's right, with a minute to go.)

Washington, D.C.

Lauren
    $1600 4
bow & arrow

Allyson
    $1600 9
(Nick: What is Michigan?)
(Allyson: Uh, what is Minneapolis?)

St. Louis

NickAllyson
Triple Stumper
    $1600 14
(Allyson: What are complex?)
(Lauren: What is break?)

compound

LaurenAllyson
Triple Stumper
    $5,000 19
2

Allyson
    $1600 24
(Nick: What is Battleship?)
(Allyson: What is Simon Says?)
[Allyson's response was at first accepted as correct.]
(Alex [prior to the FJ! round] Because I don't know the difference
between the games [*]
and Simon Says.
I thought it was the same thing, and she was incorrect, because she responded, "What is Simon Says?")

Simon

NickAllyson
Triple Stumper
    $2000 5
(Lauren: What is a buffalo?)
...
(Alex: It was a [*].
Smart [*], too.
Get to higher ground.
It's wet.)

llama

Lauren
Triple Stumper
    $2000 10
the Colosseum

Nick
    $2000 15
shock

Triple Stumper
    $2000 20
60

Allyson
    $2000 25
(Allyson: Who is Draco?)

Hydra

Allyson
Triple Stumper

Scores at the end of the Double Jeopardy! Round:

Nick Lauren Allyson
$3,400 $5,200 $19,200
(lock game)

[wagering suggestions for these scores]

Final Jeopardy! Round responses

LANDMARKS
NickWhat is the Golden Gate Bridge
$3,000
LaurenWhat is the Golden Gate Bridge?
$5,200
AllysonWhat is the Golden Gate Bridge?
$7,000
Golden Gate Bridge

Final scores:

Nick Lauren Allyson
$6,400 $10,400 $26,200
3rd place: $1000 shopping spree at HPShopping.com & trip to Waikiki with stay at Hilton Hawaiian Village 2nd place: $1000 shopping spree at HPShopping.com & trip to Waikiki with stay at Hilton Hawaiian Village Winner: $26,200 & trip to Waikiki with stay at Hilton Hawaiian Village

Game dynamics:

Coryat scores:

Nick Lauren Allyson
$3,400 $4,200 $12,000
10 R,
2 W
14 R
(including 1 DD),
4 W
24 R
(including 2 DDs),
6 W

Combined Coryat: $19,600

The J! Archive is created by fans, for fans. The Jeopardy! game show and all elements thereof, including but not limited to copyright and trademark thereto, are the property of Jeopardy Productions, Inc. and are protected under law. This website is not affiliated with, sponsored by, or operated by Jeopardy Productions, Inc. Join the discussion at JBoard.tv.